000 00542nam a2200229 a 4500
003 AR-BaBNM
005 20251128210844.0
008 082120s2002 ||||||||||||||000 | spa||
020 _a84-305-8072-7
040 _cAR-BaBNM
100 1 _aGibson, Ray
245 0 0 _aMaquetas
260 _aMadrid
_bSusaeta Ediciones
_c1996
300 _a32 p.
_bil.
490 0 _aManualidades
650 4 _aEDUCACION ARTISTICA
650 4 _aARTESANIAS
653 _aMANUALIDADES
653 _aEDUCACION TECNOLOGICA
942 _cBK
998 _cRAQUEL
999 _c17190
_d17190